Rodzime Polskie ryby słodkowodne (część 1) - Statystyki

Ogólne statystyki
  • Ten quiz został rozwiązany 230 razy
  • Średni wynik to 9 z 12
Statystyki odpowiedzi
Obrazkowy Odpowiedź % Poprawnych
Szczupak
99%
Okoń
98%
Sum
97%
Węgorz
95%
Sandacz
92%
Boleń
71%
Pstrąg potokowy
69%
Jazgarz
68%
Lipień
62%
Miętus
61%
Troć wędrowna
32%
Głowacica
28%
Nie znaleziono quizów pasujących do podanych kryteriów
Rozkład punktacji
Procent ludzi z każdym wynikiem
Percentyl według liczby udzielonych odpowiedzi
Twoja historia wyników
Nie rozwiązałeś tego quizu